Statistics for All HermitCraft Members (Vanilla, Modded, & Spinoff)

Click here to take the quiz!

General Stats

  • This quiz has been taken 20 times
  • The average score is 50 of 86

Answer Stats

SeasonsAnswer% Correct
Season 1, UHC 9, Season 5, Hermit Quest, Hardcore Hermits 1, Season 6, Season 7, Season 8, Season 9, Season 10BdoubleO100
100%
Season 4, UHC 10, Hermit Wars, UHC 11, Hermitpack, Season 5, Hermit Quest, Hermit Quest Rifts, Hermit Skies, UHB, Season 6, Hardcore Hermits 3, Season 7, Season 8, Season 9, Season 10Cubfan135
100%
Battle Royale 3, Season 3, UHC 7, UHC 8, Gamemode 4, UHC 9, Season 4, UHC 10, Hermit Wars, Season 5, Hermit Quest, UHB, Hardcore Hermits 1, Season 6, Season 7, Season 8, Season 9, Season 10Docm77
100%
Season 2, Modsauce, UHC 3, UHC 4, Season 3, UHC 5, UHC 6, UHC 7, UHC 8, Gamemode 4, Battle Royale 4, UHC 9, Season 4, UHC 10, Hermit Wars, UHC 11, Hermitpack, Season 5, Hermit Quest, Hermit Quest Rifts, Hermit Skies, UHB, Hardcore Hermits 1, Hardcore Hermits 2, Season 6, Hardcore Hermits 3, Season 7, Season 8, Season 9, Vault Hunters, Season 10FalseSymmetry
100%
Season 8, Season 9, Season 10GeminiTay
100%
Season 1, Battle Royale 1, Battle Royale 3Generikb
100%
Season 4, Hermit Wars, UHC 11, Hermitpack, Season 5, Hermit Quest, Hermit Quest Rifts, Hermit Skies, UHB, Hardcore Hermits 1, Hardcore Hermits 2, Season 6, Season 7, Season 8, Season 9, Season 10GoodTimesWithScar
100%
Season 6, Season 7, Season 8, Season 9, Season 10Grian
100%
Season 3, UHC 6, Gamemode 4, Season 4, Hermitpack, Season 5, Hermit Quest, Hardcore Hermits 1, Hardcore Hermits 2, Season 6, Hardcore Hermits 3, Season 7, Season 8, Season 9, Vault Hunters, Season 10impulseSV
100%
Season 4, UHC 10, Hermit Wars, UHC 11, Hermitpack, Season 5, Hermit Quest, Hermit Quest Rifts, Hermit Skies, UHB, Hardcore Hermits 2, Season 6, Season 7, Season 8, Season 9, Vault Hunters, Season 10iskall85
100%
Season 1, Battle Royale 1, Battle Royale 2, Battle Royale 3, FTB Ultimate, Season 2, FTB Unleashed, FTB Monster, UHC 1, UHC 2, Modsauce, UHC 3, Season 3, UHC 5, UHC 6, UHC 7, Hermit Wars, Season 6, Season 7, Season 8, Season 9, Season 10Keralis
100%
Season 2, Modsauce, UHC 4, Season 3, Season 4, Season 5, UHB, Season 6, Season 7, Season 8, Season 9, Season 10Mumbo Jumbo
100%
Season 8, Season 9, Season 10PearlescentMoon
100%
Season 4, UHC 10, Hermit Wars, UHC 11, Hermitpack, Season 5, Hermit Quest, Hermit Quest Rifts, Hermit Skies, UHB, Hardcore Hermits 2, Season 6, Season 7, Season 8, Season 9, Season 10Rendog
100%
Hermit Quest, Season 10Skizzleman
100%
Season 10SmallishBeans
100%
Hermit Wars, UHC 11, Season 5, Hermit Quest, Hermit Quest Rifts, Hermit Skies, UHB, Season 6, Season 7, Season 8, Season 9, Vault Hunters, Season 10StressMonster101
100%
Season 2, UHC 4, Season 3, UHC 6, Gamemode 4, Season 4, Hermit Wars, Season 5, Hermit Quest, Hermit Quest Rifts, Hardcore Hermits 1, Hardcore Hermits 2, Season 6, Hardcore Hermits 3, Season 7, Season 8, Season 9, Season 10TangoTek
100%
Season 4, Hermit Wars, Season 5, Hermit Quest, Hermit Quest Rifts, Hardcore Hermits 2, Season 7, Season 8, Season 9, Vault Hunters, Season 10VintageBeef
100%
Season 4, UHC 10, Hermit Wars, UHC 11, Hermitpack, Season 5, Hermit Quest, Hermit Quest Rifts, Hermit Skies, UHB, Hardcore Hermits 1, Hardcore Hermits 2, Season 6, Hermits Reloaded, Season 7, Season 8, Season 9, Vault Hunters, Season 10Welsknight
100%
Season 2, Modsauce, UHC 4, Season 3, UHC 5, UHC 6, FTB Infinity, UHC 7, UHC 8, Gamemode 4, Battle Royale 4, Modsauce 2, UHC 9, Season 4, UHC 10, Hermitpack, Season 5, Hermit Skies, UHB, Season 6, Hermits Reloaded, Season 7, Season 8, Season 9, Vault Hunters, Season 10xBCrafted
100%
Season 1, Battle Royale 1, Battle Royale 2, Battle Royale 3, FTB Ultimate, Season 2, UHC 1, UHC 2, Modsauce, UHC 3, UHC 4, Season 3, UHC 5, UHC 6, UHC 7, UHC 8, Gamemode 4, Battle Royale 4, Modsauce 2, UHC 9, Season 4, UHC 10, Hermit Wars, Hermitpack, Season 5, Hermit Quest, Hermit Quest Rifts, Hermit Skies, UHB, Hardcore Hermits 1, Hardcore Hermits 2, Season 6, Hardcore Hermits 3, Season 7, Season 8, Season 9, Vault Hunters, Season 10Xisumavoid
100%
Season 5, Hermit Quest, Hardcore Hermits 1, Hardcore Hermits 2, Season 6, Hardcore Hermits 3, Season 7, Season 8, Season 9, Season 10Zedaph
100%
Season 2, UHC 1, UHC 2, Modsauce, UHC 3, Season 3, UHC 5, UHC 7, UHC 8, Gamemode 4, Modsauce 2, Season 4, Hermit Wars, Hermitpack, Season 5, Hermit Quest, Hardcore Hermits 2, Season 6, Season 7, Season 8, Season 9, Season 10ZombieCleo
100%
Season 1, Battle Royale 1, Battle Royale 2, FTB Ultimate, Season 2, FTB Unleashed, FTB Monster, UHC 1, UHC 2, Modsauce, Season 3, FTB Infinity, Gamemode 4, UHC 9, Season 4, UHC 10, Hermitpack, Season 5, Hermit Skies, Hardcore Hermits 1, Hardcore Hermits 2, Season 6, Hermits ReloadedBiffa2001
75%
Season 1Dinnerbone
75%
Season 3, FTB Infinity, Gamemode 4, UHC 9, Season 4, Hermit Wars, Hermitpack, Season 5, Hermit Quest, Hermit Quest Rifts, Hardcore Hermits 1, Season 7, Season 8, Season 9, Vault Hunters, Season 10EthosLab
75%
Season 1, Battle Royale 1, Battle Royale 2, Battle Royale 3, FTB Ultimate, Season 2, FTB Unleashed, FTB Monster, UHC 1, UHC 2, Modsauce, UHC 3, UHC 4, Season 3, UHC 5, UHC 6, FTB Infinity, Gamemode 4, Modsauce 2, Season 4, Hermitpack, Hermit Skies, Season 7, Season 8, Season 9, Vault Hunters, Season 10Hypnotizd
75%
Season 2, FTB Monster, UHC 1, UHC 2, Modsauce, UHC 3, UHC 4, Season 3, UHC 6, FTB Infinity, UHC 8, UHC 9, Season 4, Hermitpack, Season 5, Hermit Quest, Hermit Quest Rifts, Hermit Skies, Hardcore Hermits 1, Hardcore Hermits 2, Season 6, Hermits Reloaded, Season 7, Season 8, Season 9, Vault Hunters, Season 10iJevin
75%
Season 1, Battle Royale 1, Battle Royale 3, FTB Ultimate, Season 2, FTB Unleashed, FTB Monster, UHC 1, UHC 2, Season 3, FTB Infinity, Season 4, UHC 10, Hermit Wars, Hermitpack, Season 5, Hermit Quest, Hermit Quest Rifts, Hermit Skies, UHB, Season 6, Hardcore Hermits 2, Hermits Reloaded, Season 7, Season 8, Season 9, Vault Hunters, Season 10JoeHills
75%
Season 1, FTB Ultimate, Season 2, FTB Monster, UHC 1, Modsauce, UHC 3, Season 3Pungence
75%
Season 1, Battle Royale 2, Battle Royale 3, FTB Ultimate777static777
50%
Season 1, Battle Royale 3, FTB Ultimate, Season 2alex2295
50%
Season 1, FTB Ultimate, Season 2, FTB Unleashed, FTB MonsterAureylian
50%
Season 1Brenybeast
50%
Season 1, Battle Royale 3, Season 2CilantroGamer
50%
Season 1, FTB UltimateCoestar
50%
Season 1, Battle Royale 3, UHC 6, UHC 8, Hermit Wars, UHC 11Cubehamster
50%
Season 2Dewtroid
50%
Season 1, FTB Ultimate, Season 2, FTB Unleashed, FTB Monster, Season 3IAmSp00n
50%
Season 1, Battle Royale 3, FTB Ultimate, Season 2, FTB Unleashed, FTB Monster, UHC 2, Modsauce, Season 4, Hermitpack, Hermit Skies, Season 6, Hermits ReloadedJessassin
50%
Season 1, Battle Royale 3, FTB Ultimate, Season 2Joenagee
50%
Season 1, Battle Royale 3, FTB Ultimatejoshuaaap
50%
Season 1, FTB Ultimate, Season 2, FTB Unleashed, FTB Monster, UHC 2, ModsauceJuicetra
50%
Season 1, Battle Royale 1, Season 2Kiershar
50%
Season 1, FTB Ultimate, Season 2, FTB Unleashed, FTB Monster, UHC 1, UHC 2, Modsauce, UHC 3, Season 3, UHC 5, FTB Infinity, Gamemode 4, Modsauce 2, UHC 9KingDaddyDMAC
50%
Season 2King Happy
50%
Season 1Marc IRL
50%
FTB Ultimate, Season 2, FTB Unleashed, FTB Monster, UHC 2, ModsauceMarriland
50%
Season 1, Battle Royale 1, Battle Royale 2, Battle Royale 3, Season 2, UHC 2, Modsauce, Season 3, Season 4Monkeyfarm
50%
Season 3, UHC 8, Battle Royale 4, UHC 9, Season 4, Hermit Wars, Hermitpack, Season 5, Hermit Quest, Hermit Quest Rifts, Hermit Skies, Hardcore Hermits 2, Season 6PythonGB
50%
Season 1, Battle Royale 1, Season 2, FTB UnleashedRed3yz
50%
Season 1Shawnvmartin
50%
Season 1, FTB Ultimate, Season 2, FTB Monster, UHC 1, Modsauce, Season 3Skyzm
50%
FTB Ultimate, Season 2, FTB Unleashed, FTB Monster, UHC 1, Modsauce, UHC 3, UHC 4, Season 3, UHC 5, FTB Infinity, UHC 7, UHC 8, Gamemode 4, Battle Royale 4, Modsauce 2, UHC 9Sl1pg8r
50%
Season 1Sokar
50%
Season 2, UHC 1, UHC 2, Modsauce, UHC 3, UHC 4, Season 3, UHC 5Spumwack
50%
FTB Ultimate, Season 2, FTB Unleashed, FTB Monster, UHC 2, Modsauce, UHC 4, Season 3, UHC 6, FTB Infinity, Season 4, Season 5, Hermit Skies, Season 6, Season 7, Season 8, Season 9TinFoilChef
50%
Season 1, Battle Royale 1, Battle Royale 3, FTB Ultimate, Season 2, FTB Unleashed, FTB Monster, UHC 2, Modsauce, Season 3TopMass
50%
Season 1, Battle Royale 3, FTB Ultimate, Season 2, FTB Unleashed, FTB MonsterUnhost
50%
FTB Ultimate, Season 2, FTB UnleashedVenomKisser
50%
Season 2, FTB Monster, Modsauce, UHC 3, Season 3, UHC 5, UHC 6, FTB Infinity, UHC 7, UHC 8, Gamemode 4, Battle Royale 4, Modsauce 2, UHC 9, Season 4, UHC 10, HermitpackZueljin
50%
Hermit Wars, Hermit Quest, Hermit Quest RiftsAnderZEL
25%
FTB UltimateAvidyaZen
25%
FTB UltimateBlockFortress
25%
UHC 8, Modsauce 2Corpseapult
25%
Gamemode 4Crazyman47
25%
UHC 7, Battle Royale 4, UHC 9, UHC 10, HermitpackDraaxLP
25%
UHC 11Eneija
25%
UHBJansey
25%
FTB UltimateJCvsMC
25%
Modsauce 2Jotato
25%
UHC 8LapisDemon
25%
Season 2, FTB UnleashedLuclin
25%
UHC 9Lumber
25%
FTB UltimateNecomie
25%
UHC 8Pommes Peter
25%
UHC 6, UHC 7Rubysown
25%
HermitpackScalda
25%
UHC 2, Battle Royale 4SimplySarc
25%
Gamemode 4, Battle Royale 4Sparks
25%
UHC 11SystemZee
25%
Battle Royale 4Twinkles
25%
UHC 8WoolyCreeper
25%
FTB InfinityMhykol
0%
FTB Infinity, Modsauce 2thejims
0%

Score Distribution

Percentile by Number Answered

Percent of People with Each Score

Your Score History

You have not taken this quiz